000 00276nam a2200121 4500
999 _c10991
_d10991
003 OSt
005 20221107131639.0
008 221107b ||||| |||| 00| 0 eng d
100 _aBenny Joseph
245 _aEnvironmental studies
260 _bTata McCraw hill
942 _2ddc